| Registos Bibliográficos associados ao registo de autoridade |
|
Etiqueta de registo: 00000nkm 2200025 450 001 2280933 003 http://id.bnportugal.gov.pt/bib/catbnp/2280933 100 ## $a20260317d1983 m y0pory01030103ba 101 0# $apor 102 ## $aPT 200 1# $aII Conferência Regional do Ensino Primário, Beja, 3, 4 e 5 de fev. de 1983$bVisual gráfico]$fAssociação de Municípios do Distrito de Beja 210 #9 $aBeja$cAssociação de Municípios do Distrito de Beja,$d1983 215 ## $a1 cartaz$ccolor.$d54,5x38,5 cm 317 ## $aColeção Madeira Luís 710 02 $aConferência Regional do Ensino Primário,$d2,$eBeja, $f1983$31991816 712 02 $aAssociação de Municípios do Distrito de Beja$3180193 801 #0 $aPT$bBN$gRPC 966 ## $lBN$mICONOG$sCT. 25314 A.$x3 971 ## $cCaticonografia7$d20260317 995 ## $aPRR2026
|
|
|